000 00281nam a2200121Ia 4500
008 190216s9999||||xx |||||||||||||| ||und||
100 _aRamachandran.R
245 0 _aEnthinee Yathra?
260 _bPoorna Pubs Kozhikode
_c1983
300 _a51p
650 _aKavithkal
942 _cBK
999 _c26812
_d26812